Statistics for Periodic Table Elements A-Z

Click here to take the quiz!

General Stats

  • This quiz has been taken 22,439 times
  • The average score is 19 of 23

Answer Stats

Letter Element % Correct
CCarbon
98%
SSilver
96%
HHydrogen
95%
NNitrogen
94%
AArgon
93%
BBoron
93%
OOxygen
93%
PPotassium
92%
IIron
91%
TTin
89%
MMagnesium
88%
LLithium
88%
GGold
88%
UUranium
86%
RRadon
82%
XXenon
78%
ZZinc
78%
FFluorine
75%
KKrypton
62%
EEinsteinium
59%
YYttrium
53%
VVanadium
51%
DDubnium
29%

Score Distribution

Percentile by Number Answered

Percent of People with Each Score

Your Score History

You have not taken this quiz